| 000 | 00388nam a2200157Ia 4500 | ||
|---|---|---|---|
| 999 |
_c775 _d775 |
||
| 020 | _a0-85365-747-5 | ||
| 082 | _aRR 910.014 VIN-; | ||
| 100 | _aViney, Nigel | ||
| 245 | 0 | _aDictionary of toponyms | |
| 260 |
_aLondon _bLibrary Association _c1986 |
||
| 300 | _aviii, 103p. | ||
| 504 | _aIncludes index | ||
| 650 | _aGazetteers | ||
| 650 | _aNames, Geographical - Dictionaries | ||
| 942 | _cBK | ||